| 000 | 00439nam a22001817a 4500 | ||
|---|---|---|---|
| 003 | CEME | ||
| 005 | 20210628204151.0 | ||
| 008 | 210113b xxu||||| |||| 00| 0 eng d | ||
| 020 | _a9781781487600 | ||
| 040 | _cceme | ||
| 082 | _a322 SEH | ||
| 100 |
_aSehri, Inam R _969071 |
||
| 245 | _aJudges & generals in pakistan | ||
| 250 | _aVOL-II | ||
| 260 |
_aLONDON _bGROSVENOR HOUSE PUBLISHING _c2012 |
||
| 300 | _a725P | ||
| 942 |
_cBK _2ddc |
||
| 999 |
_c576483 _d576483 |
||